Loading...
| Current Events | 2 | 15.00 | 100% | 50% | 0% |
| Fine Arts - Classical Music | 4 | 27.50 | 100% | 100% | 75% |
| Fine Arts - Other Fine Arts | 7 | 24.29 | 100% | 100% | 43% |
| Geography | 3 | 26.67 | 100% | 100% | 67% |
| History - American History | 7 | 24.29 | 100% | 100% | 43% |
| History - European History | 4 | 17.50 | 75% | 50% | 50% |
| History - Other History | 5 | 22.00 | 100% | 60% | 60% |
| History - World History | 6 | 23.33 | 100% | 83% | 50% |
| Literature - American Literature | 5 | 22.00 | 100% | 100% | 20% |
| Literature - British Literature | 3 | 16.67 | 100% | 67% | 0% |
| Literature - European Literature | 7 | 21.43 | 100% | 100% | 14% |
| Literature - World Literature | 4 | 20.00 | 100% | 50% | 50% |
| Mythology | 6 | 16.67 | 83% | 67% | 17% |
| Painting/Sculpture | 3 | 23.33 | 100% | 100% | 33% |
| Philosophy | 4 | 22.50 | 100% | 75% | 50% |
| Pop Culture | 3 | 16.67 | 100% | 67% | 0% |
| Religion | 8 | 21.25 | 100% | 75% | 38% |
| Science - Biology | 6 | 16.67 | 83% | 67% | 17% |
| Science - Chemistry | 7 | 22.86 | 100% | 86% | 43% |
| Science - Other Science | 3 | 20.00 | 100% | 100% | 0% |
| Science - Physics | 4 | 12.50 | 100% | 25% | 0% |
| Social Science | 2 | 20.00 | 100% | 50% | 50% |